000 00908nam a2200277 a 4500
001 BRL_210
005 20190320210634.0
008 780315s1980 u--######b---#001-0#eng-#
041 _aeng
044 _au
050 4 _aF1221.T9
_b.L38 1980
100 1 _aLaughlin, Robert M.
_923237
245 1 0 _aOf shoes and ships and sealing wax
_bsundries from Zinacantán
_cRobert M. Laughlin.
260 _aEstados Unidos
_bSmithsonian Institution Press
_c1980
300 _a285 p.
_c30 cm.
440 0 _aSmithsonian contributions to anthropology
_v25
_923238
500 _aAu227
504 _aBibliografía: p. 285
546 _aTexto en: inglés y estonio
650 1 4 _aIndígenas Tzotzil
_923239
650 1 4 _aLenguaje Tzotzil
_xtextos
_923240
651 4 _aEstados Unidos
_xDescripción y viajes
_923241
651 4 _aZinacantán (México)
_xVida social y costumbres
_923104
902 _aGRL
942 _2lcc
_cB
999 _c9023
_d9023